| 000 | 00959nam a2200313 a 4500 | ||
|---|---|---|---|
| 001 | 554 | ||
| 003 | BD-RjUL | ||
| 005 | 20211208233211.0 | ||
| 008 | 841004s1984 nyu b 001 0 eng | ||
| 020 | _a0867291206 : | ||
| 020 | _a0867291192 (pbk.) : | ||
| 020 | _a0867291206 (hrd.) : | ||
| 035 | _a(BD-RjUL)571 | ||
| 040 |
_aDLC _cDLC _dDLC _dBD-RjUL _beng |
||
| 041 | _aeng | ||
| 082 | 0 | 0 |
_a025.302854 _219 _bCRM 1984 |
| 100 | 1 |
_aCrawford, Walt. _91696 |
|
| 245 | 1 | 0 |
_aMARC for library use : _bunderstanding the USMARC formats / _cby Walt Crawford. |
| 260 |
_aWhite Plains, NY : _bKnowledge Industry Publications, _cc1984. |
||
| 300 |
_ax, 222 p. ; _c29 cm. |
||
| 504 | _aBibliography: p. 205-213. | ||
| 504 | _aIncludes index. | ||
| 650 | 0 |
_aMARC formats _zUnited States. _91698 |
|
| 740 | 0 | _aM.A.R.C. for library use. | |
| 942 |
_2ddc _cBK |
||
| 999 |
_c554 _d554 |
||